<?xml version="1.0" encoding="UTF-8"?>
<record
    xmlns:xsi="http://www.w3.org/2001/XMLSchema-instance"
    xsi:schemaLocation="http://www.loc.gov/MARC21/slim http://www.loc.gov/standards/marcxml/schema/MARC21slim.xsd"
    xmlns="http://www.loc.gov/MARC21/slim">

  <leader>01358nab a2200241 i 4500</leader>
  <controlfield tag="003">DO-SdBNP</controlfield>
  <controlfield tag="005">20260514112905.0</controlfield>
  <controlfield tag="007">ta</controlfield>
  <controlfield tag="008">260514b2010    dr qn|p| ||||||0| 0 spa d</controlfield>
  <datafield tag="040" ind1=" " ind2=" ">
    <subfield code="a">DO-SdBNP</subfield>
    <subfield code="b">spa</subfield>
    <subfield code="c">BNPHU</subfield>
    <subfield code="e">rda</subfield>
  </datafield>
  <datafield tag="041" ind1=" " ind2=" ">
    <subfield code="a">spa</subfield>
  </datafield>
  <datafield tag="100" ind1=" " ind2=" ">
    <subfield code="a">Cochon Aranda, Manuel</subfield>
    <subfield code="9">89562</subfield>
    <subfield code="e">doctor</subfield>
  </datafield>
  <datafield tag="245" ind1=" " ind2=" ">
    <subfield code="a">La Hidradenitis : </subfield>
    <subfield code="b">conocido popularmente como "Golondrinos".</subfield>
  </datafield>
  <datafield tag="300" ind1=" " ind2=" ">
    <subfield code="a">30-31, p&#xE1;ginas :</subfield>
    <subfield code="b">Ilustraciones, fotograf&#xED;as.</subfield>
  </datafield>
  <datafield tag="336" ind1=" " ind2=" ">
    <subfield code="a">texto</subfield>
    <subfield code="b">txt</subfield>
    <subfield code="2">rdacontent</subfield>
  </datafield>
  <datafield tag="337" ind1=" " ind2=" ">
    <subfield code="a">sin mediaci&#xF3;n </subfield>
    <subfield code="b">n</subfield>
    <subfield code="2">rdamedia</subfield>
  </datafield>
  <datafield tag="338" ind1=" " ind2=" ">
    <subfield code="a">volumen</subfield>
    <subfield code="b">nc</subfield>
    <subfield code="2">rdacarrier</subfield>
  </datafield>
  <datafield tag="520" ind1=" " ind2=" ">
    <subfield code="a">Uno de los problemas de salud que a&#xFA;n subsisten entre los dominicanos y entorno al cual se han generado muchas interrogantes y creencias populares es la Hidradenitis, conocida popularmente como &#x201C;Golondrinos&#x201D;.
Se trata de un proceso inflamatorio que se origina en las gl&#xE1;ndulas sudor&#xED;paras ap&#xF3;crifas, localizadas en diferentes &#xE1;reas espec&#xED;ficas, como las axilas, gl&#xFA;teos, pubis, etc. Las zonas m&#xE1;s frecuentemente afectadas o conocidas son las axilas (hidradenitis axilar).</subfield>
  </datafield>
  <datafield tag="650" ind1=" " ind2="0">
    <subfield code="a">Dermatolog&#xED;a</subfield>
    <subfield code="v">Publicaciones peri&#xF3;dicas</subfield>
    <subfield code="9">87499</subfield>
    <subfield code="x">Golondrinos</subfield>
  </datafield>
  <datafield tag="710" ind1=" " ind2=" ">
    <subfield code="a">Hospital General Regional Dr. Marcelino Velez Santana</subfield>
    <subfield code="9">89560</subfield>
  </datafield>
  <datafield tag="773" ind1="0" ind2=" ">
    <subfield code="0">60742</subfield>
    <subfield code="9">337874</subfield>
    <subfield code="a">Hospital General Regional Dr. Marcelino Velez Santana</subfield>
    <subfield code="o">2026-4037</subfield>
    <subfield code="t">Salud moderna</subfield>
    <subfield code="x">1811-508x</subfield>
  </datafield>
  <datafield tag="942" ind1=" " ind2=" ">
    <subfield code="2">ddc</subfield>
    <subfield code="c">ISSUE</subfield>
  </datafield>
  <datafield tag="999" ind1=" " ind2=" ">
    <subfield code="c">60743</subfield>
    <subfield code="d">60743</subfield>
  </datafield>
</record>
